| 000 | 00475nam a2200145Ia 4500 | ||
|---|---|---|---|
| 003 | OSt | ||
| 005 | 20260123145700.0 | ||
| 008 | 211028s2016 xx 000 0 und d | ||
| 040 | _cAIMIT LIBRARY | ||
| 041 | _aeng | ||
| 100 |
_aShraddha, S; Harinakshi. _g1416134 _97553 |
||
| 245 | _aStudy on impact of employees performance appraisal with special reference to Karnataka soaps and detergents limited Bangalore / | ||
| 260 |
_aMangalore _bHarinakshi. _c2016 |
||
| 942 |
_2ddc _cPRO |
||
| 999 |
_c219121 _d219121 |
||